000 01776nam a2200373 i 4500
001 000040413
003 DO-SdBNP
005 20250725100157.0
007 ta
008 130823s2011 dr 000 0 spa d
040 _aDO-SdBNP
_bspa
_cBNPHU
_erda
041 _aspa
082 4 _a343.7293071
_bR426L, 2011
_222
110 1 _aRepública Dominicana.
_9447
_bComisionado de Apoyo a la Reforma y Modernización de la Justicia
245 1 0 _aLey general de protección de los derechos del consumidor o usuario no. 358-05 /
_ccoordinación, Altagracia Paulino Ureña, Lino Vásquez Sámuel ; cuidado de edición, Marien Montero Beard, Alba Beatriz De Moya Rosado ; colaboración, Adonis Martín, Jyly Mercedes
250 _aSexta edición
264 1 _aSanto Domingo :
_bCONAEJ,
_c2011.
300 _a89 páginas ;
_c22 cm.
336 _atexto
_btxt
_2rdacontent
337 _asin mediación
_bn
_2rdamedia
338 _avolumen
_bnc
_2rdacarrier
590 _aInventariado, 2023/MFF
650 4 _aProtección al consumidor
_xLegislación
_zRepública Dominicana
_983164
650 4 _aRegulación del comercio
_xLegislación
_zRepública Dominicana
_983165
700 1 _aPaulino Ureña, Altagracia,
_ecoordinador
_4coord.
_966714
700 1 _aVásquez Sámuel, Lino,
_ecoordinador
_4coord.
_920067
700 1 _aMontero Beard, Marien,
_eeditor
_4ed.
_920068
700 1 _aDe Moya Rosado, Alba Beatriz,
_eeditor
_4ed.
_988433
700 1 _aMartín, Adonis,
_ecolaborador
_4col.
_988435
700 1 _aMercedes, Yuly
_ecolaborador
_4col.
_988434
710 _aRepública Dominicana
_bComisionado de Apoyo a la Reforma y Modernizacián de la Justicia
_bComisión Nacional de Ejecución de la Reforma Procesal Penal
_988436
910 _aValidado. Control de calidad MFF
942 _2ddc
_cLBS1
999 _c39903
_d39903